Vocabulary of cooperative Terms = Vocabulaire des termes cooperatifs = genosseschaftliches worterbuch = Voaulario de terminos cooperativos. (رقم التسجيلة. 105220)
[ عرض عادي ]
| 000 -LEADER | |
|---|---|
| fixed length control field | 008530am a2200241 004500 |
| 008 - FIXED-LENGTH DATA ELEMENTS--GENERAL INFORMATION | |
| fixed length control field | 710831s1974 enk d 000 0deng |
| 040 ## - CATALOGING SOURCE | |
| Original cataloging agency | DLC |
| Transcribing agency | DLC |
| Modifying agency | DLC |
| 041 ## - LANGUAGE CODE | |
| Language code of text/sound track or separate title | engfregeritarus |
| 050 00 - LIBRARY OF CONGRESS CALL NUMBER | |
| Classification number | HD2965 |
| Item number | .V6 1974 |
| 092 04 - LOCALLY ASSIGNED DEWEY CALL NUMBER (OCLC) | |
| Classification number | 334.03 |
| Item number | V8724 1974 |
| Edition number | 21 |
| 099 ## - LOCAL FREE-TEXT CALL NUMBER (OCLC) | |
| Classification number | 04 |
| -- | 334.03 V8724 1974 |
| 245 00 - TITLE STATEMENT | |
| Title | Vocabulary of cooperative Terms = Vocabulaire des termes cooperatifs = genosseschaftliches worterbuch = Voaulario de terminos cooperativos. |
| 246 10 - VARYING FORM OF TITLE | |
| Title proper/short title | genosseschaftliches worterbuch |
| 246 10 - VARYING FORM OF TITLE | |
| Title proper/short title | Voaulario de terminos cooperativos. |
| 246 10 - VARYING FORM OF TITLE | |
| Title proper/short title | Vocabulaire des termes cooperatifs. |
| 260 ## - PUBLICATION, DISTRIBUTION, ETC. | |
| Place of publication, distribution, etc. | London, |
| Name of publisher, distributor, etc. | International Cooperative Alliance., |
| Date of publication, distribution, etc. | 1974. |
| 300 ## - PHYSICAL DESCRIPTION | |
| Extent | ix,149,23,21,22,14 p. |
| Dimensions | 22 cm. |
| 650 #0 - SUBJECT ADDED ENTRY--TOPICAL TERM | |
| Topical term or geographic name entry element | Cooperation |
| General subdivision | Dictionaries |
| -- | Polyglot. |
| 902 ## - LOCAL DATA ELEMENT B, LDB (RLIN) | |
| No. of Items | 1 |
| 905 ## - LOCAL DATA ELEMENT E, LDE (RLIN) | |
| Cataloger | Eman |
| Reviser | Rev |
| 905 ## - LOCAL DATA ELEMENT E, LDE (RLIN) | |
| Cataloger | Jamal |
| Reviser | Cat |
| 942 ## - ADDED ENTRY ELEMENTS (KOHA) | |
| Source of classification or shelving scheme | Dewey Decimal Classification |
| Koha item type | Reference |
| Source of classification or shelving scheme | Not for loan | Home library | Current library | Date acquired | Full call number | Barcode | Date last seen | Copy number | Koha item type |
|---|---|---|---|---|---|---|---|---|---|
| Dewey Decimal Classification | المكتبة المركزبة الجديدة - جامعة القاهرة | قاعة المراجع - الدور الثاني | 11.02.2024 | 334.03 V8724 1974 | 01000110170069000 | 23.09.2023 | C.1 | Reference |